Les 20 villes les plus peuplées de Midi-Pyrénées de 1806 à 2023 - Statistiques

Statistiques générales
  • Ce quiz a été pris 66 fois
  • Le résultat moyen est 100 sur 160
Statistiques - réponses
Année Ville
Population
% Correct
1806 Toulouse 51 689
98%
1846 Toulouse 94 236
98%
1876 Toulouse 131 642
98%
1911 Toulouse 149 576
98%
1936 Toulouse 213 220
98%
1968 Toulouse 370 796
98%
1999 Toulouse 390 350
98%
2023 Toulouse 514 819
98%
1806 Montauban 23 973
93%
1846 Montauban 25 102
93%
1876 Montauban 26 952
93%
1911 Montauban 29 778
93%
1936 Montauban 32 009
93%
1968 Montauban 45 872
93%
1999 Montauban 51 855
93%
2023 Montauban 62 945
93%
1806 Albi 10 061
92%
1846 Albi 14 211
92%
1876 Albi 19 169
92%
1911 Albi 25 100
92%
1936 Albi 30 293
92%
1968 Albi 42 930
92%
1999 Albi 46 274
92%
2023 Albi 51 290
92%
1806 Tarbes 7 934
92%
1846 Tarbes 13 321
92%
1876 Tarbes 21 293
92%
1911 Tarbes 28 615
92%
1936 Tarbes 34 749
92%
1968 Tarbes 55 375
92%
1999 Tarbes 46 275
92%
2023 Tarbes 44 399
92%
1806 Castres 13 717
90%
1846 Castres 20 651
90%
1876 Castres 25 856
90%
1911 Castres 27 830
90%
1936 Castres 29 133
90%
1968 Castres 40 457
90%
1999 Castres 43 496
90%
2023 Castres 42 505
90%
1806 Rodez 6 613
83%
1846 Rodez 10 936
83%
1876 Rodez 13 375
83%
1911 Rodez 15 386
83%
1936 Rodez 18 450
83%
1968 Rodez 23 328
83%
1999 Rodez 23 707
83%
2023 Rodez 23 981
83%
1806 Auch 8 918
76%
1846 Auch 12 323
76%
1876 Auch 13 785
76%
1911 Auch 13 638
76%
1936 Auch 13 313
76%
1968 Auch 21 462
76%
1999 Auch 21 838
76%
2023 Auch 22 428
76%
1999 Blagnac 20 586
76%
2023 Blagnac 27 604
76%
1806 Cahors 11 446
76%
1846 Cahors 13 376
76%
1876 Cahors 13 660
76%
1911 Cahors 13 650
76%
1936 Cahors 13 217
76%
1968 Cahors 19 128
76%
1999 Cahors 20 003
76%
2023 Cahors 20 050
76%
1806 Millau 6 523
73%
1846 Millau 9 556
73%
1876 Millau 15 695
73%
1911 Millau 17 673
73%
1936 Millau 16 437
73%
1968 Millau 22 595
73%
1999 Millau 21 339
73%
2023 Millau 22 044
73%
1911 Lourdes 8 805
68%
1936 Lourdes 11 529
68%
1968 Lourdes 17 939
68%
1999 Lourdes 15 203
68%
1968 Muret 13 039
66%
1999 Muret 20 735
66%
2023 Muret 26 079
66%
1846 Pamiers 7 667
64%
1876 Pamiers 8 967
64%
1911 Pamiers 10 017
64%
1936 Pamiers 14 035
64%
1968 Pamiers 14 564
64%
1999 Pamiers 13 417
64%
2023 Pamiers 16 473
64%
1968 Colomiers 10 584
63%
1999 Colomiers 28 538
63%
2023 Colomiers 40 882
63%
1968 Saint-Gaudens 11 682
59%
1806 Villefranche-de-Rouergue 9 283
58%
1846 Villefranche-de-Rouergue 9 705
58%
1911 Villefranche-de-Rouergue 8 439
58%
1936 Villefranche-de-Rouergue 8 479
58%
1806 Castelsarrasin 6 487
54%
1936 Castelsarrasin 7 768
54%
1968 Castelsarrasin 11 318
54%
1876 Villefranche-de-Rouergue 10 124
53%
1968 Villefranche-de-Rouergue 10 709
53%
1806 Figeac 6 640
51%
1846 Figeac 7 230
51%
1999 Tournefeuille 22 758
51%
2023 Tournefeuille 30 168
51%
1806 Condom 7 051
47%
1846 Condom 7 195
47%
1876 Condom 7 873
47%
1806 Bagnères-de-Bigorre 6 001
46%
1846 Bagnères-de-Bigorre 8 467
46%
1876 Bagnères-de-Bigorre 9 508
46%
1911 Bagnères-de-Bigorre 8 455
46%
1936 Bagnères-de-Bigorre 8 633
46%
2023 Balma 17 772
41%
1806 Mazamet 6 055
41%
1846 Mazamet 9 662
41%
1876 Mazamet 14 168
41%
1911 Mazamet 14 764
41%
1936 Mazamet 15 447
41%
1968 Mazamet 16 171
41%
1806 Moissac 10 331
41%
1846 Moissac 10 724
41%
1876 Moissac 9 137
41%
1911 Moissac 8 137
41%
1936 Moissac 8 105
41%
1968 Moissac 11 856
41%
1999 Moissac 12 321
41%
1806 Gaillac 6 636
39%
1846 Gaillac 8 190
39%
1876 Gaillac 8 124
39%
1911 Gaillac 7 269
39%
1936 Gaillac 7 779
39%
2023 Gaillac 16 162
39%
2023 Ramonville-Saint-Agne 15 158
32%
1999 L'Union 12 141
31%
1846 Saint-Affrique 6 760
31%
1876 Saint-Affrique 7 622
31%
1911 Carmaux 11 064
27%
1936 Carmaux 10 448
27%
1968 Carmaux 14 755
27%
1999 Cugnaux 12 997
27%
2023 Cugnaux 20 662
27%
1911 Graulhet 7 912
27%
1936 Graulhet 8 224
27%
1968 Graulhet 12 073
27%
1999 Graulhet 12 663
27%
1806 Lavaur 6 551
27%
1846 Lavaur 7 015
27%
1876 Lavaur 7 563
27%
1876 Decazeville 9 547
24%
1911 Decazeville 14 144
24%
1936 Decazeville 12 365
24%
1806 Lectoure 6 360
24%
1846 Lectoure 6 352
24%
1999 Plaisance-du-Touch 14 164
24%
2023 Plaisance-du-Touch 21 079
24%
2023 Castanet-Tolosan 15 317
20%
1806 Rabastens 6 330
10%
1876 Aubin 9 864
5%
1911 Aubin 9 574
5%
Aucun quiz correspondant
Distribution des résultats
% des personnes avec chaque résultat
Percentile par nombre de réponses
Votre historique - résultats
Vous n’avez pas pris ce quiz